Statistics for Por La Raja de Tu Falda Lyrics

Click here to take the quiz!

General Stats

  • This quiz has been taken 6 times
  • The average score is 17 of 95

Answer Stats

HintAnswer% Correct
del97
100%
ycaliente
100%
expectante. Caliente,Caliente
100%
lafrente
100%
Y yo memoría
100%
Era unatarde
100%
--tonta
100%
conun
100%
Miúnica
100%
Alver
100%
Era elverano
100%
porverte
100%
idea eracamelarte
50%
Era llevarte aCualquier
50%
--encontrarte
50%
Y alliesperaba
50%
de nuevola
50%
en el bar sinNombre
50%
De esas que tequema
50%
elsol
50%
parte. Yo ese díatocaba
50%
De repente seabrió
0%
Tan solo puedoacodarme
0%
Yahora
0%
--alma
0%
delambiente
0%
con graciaaquel
0%
delautobús
0%
de barra enbarra
0%
Entre elcalor
0%
tira pa'lcoche
0%
yocogía
0%
lascomemos
0%
--Comiéndote
0%
La camiseta de losconciertos
0%
se mecruzó
0%
trescuerdas
0%
El públicodelante
0%
quedesapareciste
0%
ayer.Desde
0%
--deslumbrantes
0%
qué vicio. No sé que medio
0%
entra que teentra
0%
se escucha on no seescucha
0%
por laespalda
0%
deesta
0%
"prueba que te prueba".Esto
0%
--estrecho
0%
de tufalda
0%
Losfocos
0%
de miFord Escort
0%
quefuera
0%
delgarito
0%
de lagente
0%
"montado". Y lagente
0%
laguitarra
0%
--guitarra
0%
del concierto. Yo no tehe
0%
enchufa que te enchufa. Mihermano
0%
VamosJosele
0%
--meridiam
0%
--Mientras
0%
siquiera tumirada
0%
--muy
0%
esta "mosqueado". Porque
aún no hay
nada
0%
--Ni
0%
Porque esta nochenos
0%
me heobsesionado
0%
tusojos
0%
SeatPanda
0%
Me puse unpantalocito
0%
Y se comió elparachoques
0%
Esperando en laparada
0%
el tiempo.Parece
0%
ya hapasado
0%
Y alpasar
0%
laspiernas
0%
Por la raja de tu falda yo
Tuve un piñazo con un
Seat Panda. 10:40
post
0%
son muypotentes
0%
lapuerta
0%
Cuando vi laraja
0%
de laraja
0%
a ver. Ya norecuerdo
0%
raja de tu falda. Por la
raja de tu falda yo
Rompí
0%
Que unSeat Panda
0%
Por la raja de tu falda yo
Tuve un piñazo con un
Seat Panda. Por la raja
de tu falda. Yo tuve un
siniestro
0%
Y metemblaron
0%
Y eltío
0%
por tu calle allí estabas
0%
Llegamos tarde para novariar
0%
Chupachup. Quévicio
0%
yvoy
0%
--vuelto
0%
de tu falda.Por la raja
de tu falda
Yo
0%
Yyo
0%

Score Distribution

Percentile by Number Answered

Percent of People with Each Score

Your Score History

You have not taken this quiz